Petrochemical plant metallurgical report /

Guardado en:
Autor Principal: Booth, Sterling.
Autor Corporativo: United Nations Industrial Development Organization.
Formato: Libro
Idioma:Undetermined
Publicado: Oakland, California : Kaiser Engineering, 1981.
Materias:
Etiquetas: Agregar Etiqueta
Sin Etiquetas, Sea el primero en etiquetar este registro!
LEADER 00878nam a22002055a 4500
001 EIQ.libpla002103
008 070418s1981####xx#a##########000#0#und#d
005 20070418190849.0
245 1 0 |a Petrochemical plant metallurgical report /  |c prepared for United Nations Industrial Development Organization by Sterling Booth. 
260 |a Oakland, California :  |b Kaiser Engineering,  |c 1981. 
300 |a 2 v. :  |b il. ;  |c 28 cm. 
100 1 |a Booth, Sterling. 
710 2 |a United Nations Industrial Development Organization. 
650 4 |a Industria petroquímica  |x Corrosión. 
650 4 |a Industria petroquímica  |x Metalurgia. 
650 4 |a Petrochemical industry  |x Metallurgy. 
650 4 |a Petrochemical industry  |x Corrosion. 
040 |a AR-BbSID  |b spa  |c AR-BbSID 
859 |a AR-BbSID  |b BIB. PLAPIQUI  |h 660.283  |i B 63  |p 3773 
859 |a AR-BbSID  |b BIB. PLAPIQUI  |h 660.283  |i B 63  |p 3774  |v Appendice  |3 Appendice